Tazkira Bazm-E-Sukhan Va Toor-E-Kaleem (Record no. 4633)

MARC details
000 -LEADER
fixed length control field 00594nam a2200253 a 4500
020 ## - INTERNATIONAL STANDARD BOOK NUMBER
ISBN
082 00 - DEWEY DECIMAL CLASSIFICATION NUMBER
Classification number 891.4391
Author Cutter KHA3
100 ## - MAIN ENTRY--AUTHOR NAME
Author name Khan, Hasan Ali
245 ## - TITLE STATEMENT
Title Tazkira Bazm-E-Sukhan Va Toor-E-Kaleem
260 ## - PUBLICATION, DISTRIBUTION, ETC. (IMPRINT)
Place of publication
Name of publisher
Year of publication 1968
300 ## - PHYSICAL DESCRIPTION
Number of Pages 128p
500 ## - GENERAL NOTE
General note includes index and biblioraphy
505 2# - FORMATTED CONTENTS NOTE
Formatted contents note Appendix
650 ## - SUBJECT ADDED ENTRY--TOPICAL TERM
Topical Term Biography-Urdu Poets
650 ## - SUBJECT ADDED ENTRY--TOPICAL TERM
Topical Term Urdu-Poets
942 ## - ADDED ENTRY ELEMENTS (KOHA)
Koha item type Books
700 1# -
-- Khan, Hasan Ali
Holdings
Collection code Home library Current library Date acquired Cost, normal purchase price Full call number Accession Number Koha item type
  Henry Martyn Institute Library Henry Martyn Institute Library 06/25/2007 3.00 891.4391 KHA3 05583 Books
                   Copyright © 2026 | Henry Martyn Institute | Hyderabad | TS-500052 | INDIA | Implemented by hmi.edu.in
Hit-Count:

Powered by Koha